Строение и мера линейных точечных областей: Глава вторая, третья, четвертая. Литература; Известия Томского Технологического Института [Известия ТТИ]; Т. 6, № 3
| Parent link: | Известия Томского Технологического Института [Известия ТТИ]/ Томский технологический институт (ТТИ).— , 1903-1925 Т. 6, № 3.— 1907 |
|---|---|
| Autore principale: | |
| Riassunto: | Заглавие с титульного листа Электронная версия печатной публикации |
| Lingua: | russo |
| Pubblicazione: |
1907
|
| Soggetti: | |
| Accesso online: | Черно-белая версия для предварительного просмотра Цветная версия без потери качества |
| Natura: | MixedMaterials Elettronico Capitolo di libro |
| KOHA link: | https://koha.lib.tpu.ru/cgi-bin/koha/opac-detail.pl?biblionumber=156620 |
MARC
| LEADER | 00000nla2a2200000 4500 | ||
|---|---|---|---|
| 001 | 156620 | ||
| 005 | 20231031153258.0 | ||
| 035 | |a (RuTPU)RU\TPU\book\169865 | ||
| 035 | |a RU\TPU\book\169299 | ||
| 090 | |a 156620 | ||
| 100 | |a 20090330d1907 k y0rusy50 ca | ||
| 101 | 0 | |a rus | |
| 102 | |a RU | ||
| 135 | |a drnn ---uucaa | ||
| 181 | 0 | |a i | |
| 182 | 0 | |a b | |
| 200 | 1 | |a Строение и мера линейных точечных областей |b Электронный ресурс |e Глава вторая, третья, четвертая. Литература |f В. Л. Некрасов | |
| 203 | |a Текст |c электронный | ||
| 215 | |a 2 файла (6.2 Мб, 184 Мб) | ||
| 230 | |a Электронные текстовые данные (2 файла : 6.2 Мб, 184 Мб) | ||
| 300 | |a Заглавие с титульного листа | ||
| 300 | |a Электронная версия печатной публикации | ||
| 337 | |a Adobe Reader | ||
| 461 | 1 | |0 (RuTPU)RU\TPU\book\165999 |t Известия Томского Технологического Института [Известия ТТИ] |f Томский технологический институт (ТТИ) |d 1903-1925 | |
| 463 | 1 | |0 (RuTPU)RU\TPU\book\169848 |t Т. 6, № 3 |d 1907 |p 232 с. | |
| 610 | 1 | |a электронный ресурс | |
| 610 | 1 | |a труды учёных ТПУ | |
| 700 | 1 | |a Некрасов |b В. Л. |c российский ученый |c профессор математики ТТИ |f 1864-1922 |g Владимир Леонидович |2 stltpush |3 (RuTPU)RU\TPU\pers\10488 | |
| 801 | 1 | |a RU |b 63413507 |c 20090320 |g PSBO | |
| 801 | 2 | |a RU |b 63413507 |c 20100809 |g PSBO | |
| 856 | 4 | |u http://www.lib.tpu.ru/fulltext/v/Bulletin_TPU/1907/v6/a1_bw.pdf |z Черно-белая версия для предварительного просмотра | |
| 856 | 4 | |u http://www.lib.tpu.ru/fulltext/v/Bulletin_TPU/1907/v6/a1_full.pdf |z Цветная версия без потери качества | |
| 942 | |c CF | ||